¿Para qué sirve la contabilidad? / (Record no. 106830)

MARC details
000 -CABECERA
campo de control de longitud fija 00594nam a2200193 a 4500
005 - FECHA Y HORA DE LA ÚLTIMA TRANSACCIÓN
campo de control 20240412063650.0
008 - ELEMENTOS DE LONGITUD FIJA--INFORMACIÓN GENERAL
campo de control de longitud fija 040910s1994 mx r 000 0 spa d
020 ## - NÚMERO INTERNACIONAL NORMALIZADO PARA LIBROS
Número Internacional Estándar del Libro 9684097875
035 ## - NÚMERO DE CONTROL DEL SISTEMA
Número de control de sistema UPN01000134679
049 ## - COLECCIÓN
Colección CG
050 #4 - SIGNATURA TOPOGRÁFICA DE LA BIBLIOTECA DEL CONGRESO
Número de clasificación HF5630
Número de documento/Ítem H4.6
100 1# - ASIENTO PRINCIPAL--NOMBRE PERSONAL
Nombre de persona Hermoso Mendizábal, Hugo
245 11 - MENCIÓN DE TÍTULO
Título ¿Para qué sirve la contabilidad? /
Mención de responsabilidad, etc. Hugo Hermoso Mendizábal.
260 ## - PUBLICACIÓN, DISTRIBUCIÓN, ETC.
Lugar de publicación, distribución, etc. México :
Nombre del editor, distribuidor, etc. EDAMEX,
Fecha de publicación, distribución, etc. 1994.
300 ## - DESCRIPCIÓN FÍSICA
Extensión 85 p.
500 ## - NOTA GENERAL
Nota general "Libro escrito para profesionistas y otros. ¡No para contadores!"
650 #4 - ASIENTO SECUNDARIO DE MATERIA - TERMINO TEMATICO
Término de materia o nombre geográfico como elemento de entrada Contabilidad
Subdivisión general Estudio y enseñanza
9 (RLIN) 12260
905 ## - TIPO DE MATERIAL
Tipo de material Libro
Holdings
Estado de retiro Estado de pérdida Fuente del sistema de clasificación o colocación Estado dañado No para préstamo Código de colección Localización permanente Ubicación/localización actual Ubicación en estantería Enumeración/cronología de publicación seriada Total de préstamos Clasificación Código de barras Fecha visto por última vez Número de copia Tipo de ítem Koha
    Library of Congress Classification     Colección General Bib. Gregorio Torres Quintero Bib. Gregorio Torres Quintero Planta baja - 10 HF5630 H4.6 194571 31/12/2020 1 Libro